| 000 | 00632nam a22001697a 4500 | ||
|---|---|---|---|
| 008 | 160420b xxu||||| |||| 00| 0 eng d | ||
| 020 | _a9789710459254 | ||
| 082 |
_22008 _aDFil 614.13 _bC16e |
||
| 100 |
_96087 _aDascil-Cañete, Arlyn M. |
||
| 245 |
_aEssentials of forensic chemistry and toxicology: _bin the crime scene investigation made simple/ _cArlyn M. Dascil-Cañete. |
||
| 260 |
_aQuezon City: _bWiseman's Books Trading, _cc2008. |
||
| 300 |
_a171 pages: _billustrations; _c23 cm. |
||
| 500 | _aIncludes bibliographical references. | ||
| 650 | 0 |
_96089 _aForensic toxicology |
|
| 365 |
_b832.50 _cPhp |
||
| 942 |
_2ddc _cBK |
||
| 999 |
_c1904 _d1904 |
||